000 00477nam a22001697a 4500
005 20251108171150.0
008 250721s1981 xx 000 0 ara d
082 1 4 _aط/599/دين
245 1 0 _aاليناصور /
250 _aط2
264 1 _aبيروت :
_bمكدونالد الشرق الأوسط،
_c1981.
300 _a24ص :مص
490 0 _aالعالم بين يديك : منوعات ، 9
650 1 7 _aالديناصور
942 _2ddc
_cBK
999 _c58257
_d58257